Città più vicina - Quiz n°2 - Statistics

Statistiche generali
  • Questo quiz è stato fatto 43 volte
  • Il punteggio medio è 5 su 10
Statistiche sulle risposte
Domanda Risposta % Corretto
Londra Parigi
71%
Sacramento San Francisco
71%
Lilla Amsterdam
57%
Melbourne Canberra
57%
Port Moresby Giacarta
57%
Khartum Addis Abeba
43%
Adelaide Melbourne
43%
Memphis New Orleans
43%
Malaga Rabat
29%
Cracovia Bratislava
14%
Nessun quiz corrispondente trovato
Distribuzione punteggi
Percentuale di utenti per punteggio
Percentile per numero di risposta
I tuoi punteggi nel tempo
Non hai fatto questo quiz